02161nam a2200433 u 450000100070000000500170000700800410002402000150006503500110008003500200009104000130011104100080012408200080013210000350014024500120017525000170018726000470020430000190025150510120027065000180128265000200130065000120132065000220133265000220135465000270137665000140140365000250141765000200144265000300146265000120149265000240150465000240152865000390155265000320159165000180162365000180164170000320165970000360169161946020260506084655.0000906s1998 spa  a9684442955 a619460 a(OCoLC)43524206 ccomduadb aspa 4a17010aRodriguez Lozano, V.4auteaut10aÉtica a1. edición aMéxico :bAddison Wesley Longman,c1998. a243 páginas. aCONTENIDO : I: El hecho moral. -- II: Conceptos fundamentales de la moralidad. -- III: El juicio y la argumentación morales. -- IV: La dignidad y el valor de la persona humana como base ética común. -- V: Moral de la persona. -- VI: La apertura de la persona a los demás. -- VII: Aspectos éticos de la sexualidad. -- VIII: Matrimonio y familia, la transmisión de la vida y su plural problemática. -- IX: El conflicto generacional. -- X: El medio ambiente, el hombre en la naturaleza, moral y ecología. -- XI: Problemas éticos de la convivencia social y política. -- XII: Etica y politica. -- XIII: Función social de la propiedad, el respeto a la propiedad ajena. -- XIV: El trabajo como realización personal y contribución social, ética profesional. -- XV: El respeto a los derechos humanos como fundamento de la convivencia y la paz social. -- XVI: hacia una sociedad mundial, la convivencia internacional, posibles vías para la resolución de los conflictos internacionales. 7aÉtica2lemb aDignidad humana aPersona aSexualidad humana aJuicio estético 7aDerechos humanos2lemb aPropiedad 4aÉtica y política aEtica y riqueza 7aÉtica profesional2lemb aTrabajo aLibertad y sociedad aÉtica ecológica 7aConflicto entre generaciones2lemb 7aValores (Filosofía)2lemb 7aÉtica2lemb 7aÉtica2lemb10aFrade Perdomo, P.4auteaut10aAlbelo Martin, L. Ma.4auteaut